LEADER 02509oam 2200649 450 001 9910711627403321 005 20210916140741.0 035 $a(CKB)5470000002485790 035 $a(OCoLC)1078922737 035 $a(EXLCZ)995470000002485790 100 $a20181214d2018 ua 0 101 0 $aeng 135 $aurgn||||||||| 181 $ctxt$2rdacontent 182 $cc$2rdamedia 183 $acr$2rdacarrier 200 10$aGAO high risk focus $ecybersecurity : joint hearing before the Subcommittee on Information Technology and the Subcommittee on Government Operations of the Committee on Oversight and Government Reform, House of Representatives, One Hundred Fifteenth Congress, second session, July 25, 2018 210 1$aWashington :$cU.S. Government Publishing Office,$d2018. 215 $a1 online resource (v, 81 pages) $cillustrations 300 $a"Serial no. 115-110." 320 $aIncludes bibliographical references. 517 $aGAO high risk focus 606 $aAdministrative agencies$xComputer networks$xSecurity measures$zUnited States 606 $aInfrastructure (Economics)$xComputer networks$xSecurity measures$zUnited States 606 $aCyberinfrastructure$xGovernment policy$zUnited States 606 $aData protection$xGovernment policy$zUnited States 606 $aComputer crimes$zUnited States$xPrevention 606 $aComputer crimes$xPrevention$2fast 606 $aData protection$xGovernment policy$2fast 607 $aUnited States$2fast 608 $aLegislative hearings.$2fast 608 $aLegislative hearings.$2lcgft 615 0$aAdministrative agencies$xComputer networks$xSecurity measures 615 0$aInfrastructure (Economics)$xComputer networks$xSecurity measures 615 0$aCyberinfrastructure$xGovernment policy 615 0$aData protection$xGovernment policy 615 0$aComputer crimes$xPrevention. 615 7$aComputer crimes$xPrevention. 615 7$aData protection$xGovernment policy. 712 02$aUnited States.$bCongress.$bHouse.$bCommittee on Oversight and Government Reform.$bSubcommittee on Government Operations, 801 0$bGPO 801 1$bGPO 801 2$bMERUC 801 2$bOCLCF 801 2$bGPO 801 2$bIAD 801 2$bOCLCO 801 2$bUPM 801 2$bNJK 801 2$bTXS 801 2$bDWP 801 2$bOCLCQ 801 2$bGPO 906 $aBOOK 912 $a9910711627403321 996 $aGAO high risk focus$93455544 997 $aUNINA LEADER 00957cam0-22003131i-450 001 990004510850403321 005 20230926161438.0 035 $a000451085 035 $aFED01000451085 035 $a(Aleph)000451085FED01 035 $a000451085 100 $a19990604d1911----km-y0itay50------ba 101 0 $ager 102 $aDE 105 $ay-------001yy 200 1 $aGeschichte der neueren Historiographie$fvon Eduard Fueter 210 $aMunchen ; Berlin$cOldenbourg$d1911 215 $aXX, 626 p.$d25 cm 225 1 $aHandbuch der Mittelalterichen und neueren Geschichte$hAbteilung 1$iAllgemeines 610 0 $aStoriografia moderna$aManuali$asec. 14.-19. 676 $a907.2 700 1$aFueter,$bEduard$0139438 801 0$aIT$bUNINA$gRICA$2UNIMARC 901 $aBK 912 $a990004510850403321 952 $a907.2 FUE 4$bBibl. 401/4260$fFLFBC 959 $aFLFBC 996 $aGeschichte der neueren Historiographie$926300 997 $aUNINA